01793cam a2200385 a 4500001001400000003000800014005001700022006001900039007001500058008004100073020003800114040003000152049002600182050002400208082001800232245008900250260005000339300003700389490004700426505030500473520017900778521001700957588004700974504004101021650002601062655002901088700002001117700005001137710001601187776003501203830004801238856008601286942001601372999001901388EDZ0000116384StDuBDS20161031105127.0m||||||||d||||||||cr |||||||||||130111s2011 caua fo| 0|0|0|eng|d a9781446261668 (ebook) :cNo price aStDuBDSbengcStDuBDSepn aAlfaisal Main Library 0aHB3730b.F5575 201104a658.4035522300aForecastingh[electronic resource] /cedited by Robert Fildes and P. Geoffrey Allen. aLos Angeles, Calif. ;aLondon :bSAGE,c2011. a1 online resource (5 v.) :bill.1 aSAGE benchmarks in social research methods0 av. 1. Traditional time-series and computer-intensive methods -- v. 2. Econometric and combining methods -- v. 3. Judgemental methods and forecasting competitions -- v. 4. Forecasts errors, forecast distributions and macroeconomic applications -- v. 5. Forecasting applications, practice and planning.8 aWith coverage of the methodologies, differing techniques and problem areas, this set brings together articles published in the past 30 years on the discipline of forecasting. aSpecialized. aDescription based on print version record. aIncludes bibliographical references. 0aBusiness forecasting. 7aElectronic books.2local1 aFildes, Robert.1 aAllen, P. Geoffreyq(Philip Geoffrey),d1942-2 aSage eBooks08iPrint version :z9781848607828 0aSAGE benchmarks in social research methods.40uhttp://ezproxy.alfaisal.edu/login?url=http://sk.sagepub.com/navigator/forecasting 2lcccEBOOKS c479899d479899